[Event "9. Korbacher Open 2017"]
[Site "Korbach"]
[Date "2017.10.20"]
[Round "2"]
[White "Plaza Reino, Mercedes"]
[Black "Mohammadi, Sholeh"]
[Result "1-0"]
[WhiteElo "1822"]
[BlackElo "1190"]
[Annotator "NA RC"]
[PlyCount "139"]
[EventDate "2017.??.??"]
[EventType "swiss"]
[EventCountry "GER"]
[SourceTitle "playchess.com"]
[Source "ChessBase"]
[SourceQuality "1"]
[TimeControl "40/5400+30:1800+30"]

{[%evp 8,139,56,61,67,54,96,32767,105,76,70,37,61,32767,32767,32767,32767,32767,187,93,104,82,96,32767,90,32767,31,32767,37,32767,151,32767,300,32767,177,81,71,58,106,89,99,32767,45,41,50,57,89,72,179,178,271,32767,32767,32767,87,30,43,32767,40,0,12,4,87,6,82,32767,72,32767,102,78,70,49,45,10,204,209,318,32767,426,508,12836,29978,29978,29982,29982,32767,29982,29984,12842,32767,29987,29981,12847,29982,12847,12847,29983,29987,29986,12849,29986,29988,29988,29988,29987,29990,29990,29991,29992,29993,29994,29995,12850,29994,29994,29995,29995,29994,32767,32767,29994,32767,29994,29995,29995,29996,29994,32767,32767,29997,29997,32767,29998,29999]} 1. f4 {[%emt 0:00:00]} e6 2. Nf3 Be7 {[%emt 0:19:31]} 3. e3 {[%emt 0:01:48]} Bh4+ {[%emt 0:00:50]} 4. Nxh4 {[%emt 0:00:48]} Qxh4+ {[%emt 0:01:09]} 5. g3 {[%emt 0:00:33]} Qe7 {[%emt 0:01:48]} 6. Bg2 {[%emt 0:05:13]} c5 7. O-O {[%emt 0:05:43]} d5 {[%emt 0:00:44]} 8. d3 {[%emt 0:10:01]} Nf6 {[%emt 0:02:21]} 9. Nd2 {[%emt 0:05:54]} Nc6 {[%emt 0:05:02]} 10. e4 {[%emt 0:27:53]} dxe4 {[%emt 0:03:35]} 11. Nxe4 {[%emt 0:03:59]} Nd4 12. Nxf6+ {[%emt 0:06:19]} Qxf6 {[%emt 0:04:01] [#]} (12... gxf6 $16 13. c3 Nf5) 13. c3 {[%emt 0:03:13]} (13. Be3 $1 $18 {bietet bessere Gewinnchancen.}) 13... Nf5 {[%emt 0:02:45]} 14. Re1 {[%emt 0:03:33]} O-O {[%emt 0:02:20]} 15. Re5 {[%emt 0:01:51]} Qe7 {[%emt 0:06:45]} 16. Qh5 {[%emt 0:04:46]} Qc7 {[%emt 0:02:46]} 17. g4 {[%emt 0:06:22]} g6 {[%emt 0:00:56]} 18. Qh3 {[%emt 0:00:51]} Ng7 {[%emt 0:09:34]} (18... f6 $14) 19. Be3 {[%emt 0:01:46]} Rb8 $2 (19... Rd8 $16 {kämpft weiter.} 20. Rd1 (20. Rxc5 Qe7 $18) 20... Bd7 21. Rxc5 Bc6) 20. Rxc5 {[%emt 0:02:29]} Qd6 {[%emt 0:02:38]} (20... Qd8 $16 {was necessary.} 21. Rc4 b6) 21. d4 {[%emt 0:01:00]} (21. Bd4 $18) 21... b6 {[%emt 0:02:10]} 22. Rc4 {[%emt 0:02:21]} Bb7 {[%emt 0:03:10]} 23. Bxb7 {[%emt 0:00:41]} Rxb7 24. Qf3 {[%emt 0:00:22]} Qd5 {[%emt 0:03:01]} 25. Qxd5 {[%emt 0:01:09]} exd5 26. Rc6 {[%emt 0:00:46]} Rd8 {[%emt 0:01:41]} (26... Re8 {[%emt 0:01:41]} 27. Kf2 {[%emt 0:00:26]} Rd8 28. f5 {[%emt 0:02:47]}) 27. Kf2 Kf8 28. f5 {[%emt 0:03:13]} gxf5 {[%emt 0:05:35]} 29. gxf5 {[%emt 0:00:22]} Nxf5 {[%emt 0:00:55]} 30. Bg5 {[%emt 0:00:47]} Rd6 {[%emt 0:05:37]} 31. Rxd6 {[%emt 0:00:37]} Nxd6 32. Bh6+ {[%emt 0:00:28]} Ke8 {[%emt 0:02:30]} 33. Re1+ {[%emt 0:00:04]} Ne4+ {[%emt 0:00:33]} 34. Kf3 {[%emt 0:00:24]} f5 {[%emt 0:00:44]} (34... Rc7 $11 {remains equal.}) 35. Bf4 {[%emt 0:00:36]} ({White should try} 35. Rg1 $16) 35... Kf7 {[%emt 0:01:01]} (35... Rg7 $11) 36. Re2 {[%emt 0:00:11]} Ke6 37. Rg2 {[%emt 0:00:15]} Rf7 {[%emt 0:02:38]} 38. Be5 {[%emt 0:00:13]} Nf6 {[%emt 0:05:17]} 39. Bxf6 {[%emt 0:00:21]} Kxf6 {[%emt 0:00:32]} 40. Kf4 {[%emt 0:00:42]} h5 $2 {[%emt 0:01:31]} (40... Re7 $11) 41. Rg5 {[%emt 0:06:00]} Ke6 (41... Re7 $142 42. Rxf5+ Kg6 43. Rxd5 Re2 44. Rd6+ Kf7 45. Rd7+ Kf6 46. Rxa7 Rf2+ 47. Ke4 Rxb2) 42. Rxh5 {[%emt 0:01:17]} a5 {[%emt 0:02:34]} (42... Rg7 {is a better defense.} 43. Rh6+ (43. Rxf5 Rg2 $18) 43... Kd7 44. Kxf5 Rg2) 43. Rh6+ {[%emt 0:00:44]} Rf6 {[%emt 0:00:15]} 44. Rxf6+ {[%emt 0:00:02]} Kxf6 {[%emt 0:02:04]} 45. a4 {[%emt 0:00:00]} Ke6 {[%emt 0:00:08]} 46. h4 {[%emt 0:00:19]} Kf6 {[%emt 0:05:33]} 47. h5 {[%emt 0:00:35]} Ke6 48. h6 {[%emt 0:00:18]} Kf6 {[%emt 0:00:51]} 49. h7 {[%emt 0:00:07]} Kg7 {[%emt 0:00:11]} 50. Kxf5 {[%emt 0:00:17]} Kxh7 51. Ke6 {[%emt 0:00:34]} Kg6 {[%emt 0:01:03]} 52. Kxd5 {[%emt 0:00:03]} Kf5 53. Kc6 {[%emt 0:00:03]} Ke6 {[%emt 0:02:20]} 54. d5+ {[%emt 0:00:09]} Ke7 {[%emt 0:01:05]} 55. Kc7 {[%emt 0:00:03]} Ke8 {[%emt 0:03:29]} 56. d6 {[%emt 0:00:10]} b5 {[%emt 0:01:16]} 57. d7+ {[%emt 0:00:12]} Kf7 {[%emt 0:00:53]} 58. d8=Q {[%emt 0:00:15]} b4 {[%emt 0:01:04]} 59. Kd6 {[%emt 0:00:35]} bxc3 {[%emt 0:00:50]} 60. Qe7+ Kg6 {[%emt 0:00:46]} 61. bxc3 {[%emt 0:00:44]} Kf5 {[%emt 0:00:39]} 62. Qe6+ {[%emt 0:00:51]} Kf4 {[%emt 0:00:25]} 63. Qe5+ {[%emt 0:00:21]} Kf3 64. c4 {[%emt 0:00:30]} Kf2 {[%emt 0:01:20]} 65. c5 {[%emt 0:00:33]} Kf1 {[%emt 0:00:15]} 66. c6 {[%emt 0:00:08]} Kf2 {[%emt 0:00:07]} 67. c7 {[%emt 0:00:08]} Kf3 {[%emt 0:00:50]} 68. c8=R {[%emt 0:00:19]} Kg4 69. Qf6 {[%emt 0:00:41]} Kg3 {[%emt 0:02:11]} 70. Rg8+ {[%emt 0:00:11]} 1-0

[Event "9. Korbacher Open 2017"]
[Site "Korbach"]
[Date "2017.10.20"]
[Round "2"]
[White "Powalla, Christian"]
[Black "Schmidt, Matthias"]
[Result "1/2-1/2"]
[WhiteElo "1816"]
[BlackElo "2031"]
[Annotator "NA RC"]
[PlyCount "85"]
[EventDate "2017.??.??"]
[EventType "swiss"]
[EventCountry "GER"]
[SourceTitle "playchess.com"]
[Source "ChessBase"]
[SourceQuality "1"]
[TimeControl "40/5400+30:1800+30"]

{[%evp 8,85,9,14,19,-3,2,0,11,-21,-18,-1,10,18,37,39,39,-43,8,-42,32767,32767,-66,-117,-112,-200,-197,-292,-290,-412,-402,-758,-238,-216,-245,-237,-171,-182,-164,-189,-166,-180,-129,-296,-247,-558,-533,-643,-700,-1165,-727,-642,-782,-5916,-6137,-5297,-494,-781,0,-418,32767,-96,-68,-65,-67,-64,-74,-54,-7,-56,-35,-33,-4,-5,-4,-2,0,-8,0,0]} 1. e4 {[%emt 0:00:00]} c5 {[%emt 0:02:22]} 2. c3 {[%emt 0:00:00]} e6 {[%emt 0:06:55]} 3. d4 {[%emt 0:01:38]} d5 {[%emt 0:00:17]} 4. exd5 {[%emt 0:00:48]} exd5 {[%emt 0:00:38]} 5. Nf3 {[%emt 0:00:19]} Nf6 {[%emt 0:03:58]} 6. Be2 {[%emt 0:07:05]} Be7 {[%emt 0:03:53]} 7. O-O {[%emt 0:04:02] B22: Sicilian: 2 c3} O-O {[%emt 0:00:41] LiveBook: 7 Games} 8. h3 {[%emt 0:01:02]} Nc6 {[%emt 0:02:45]} 9. Be3 {[%emt 0:06:33]} (9. dxc5 Bxc5 10. Nbd2 a6 11. Nb3 Bb6 12. Bg5 Re8 13. Bd3 h6 14. Bh4 Qd6 15. Kh1 {1-0 (63) Potapov,P (2477)-Balashov,Y (2443) Sochi 2015}) 9... cxd4 {[%emt 0:04:07]} 10. Nxd4 {[%emt 0:00:23]} Ne5 $146 {[%emt 0:06:09]} ({Predecessor:} 10... Bd6 11. Bf3 Bc7 12. Ne2 Bf5 13. Bf4 {0-1 (20) Faysal,W (1740)-Feldmann,J (2090) Frankfurt 2014}) 11. Nd2 {[%emt 0:06:05]} Bd7 {[%emt 0:10:48]} 12. f4 {[%emt 0:09:48]} (12. N2f3 $14 Qc7 13. Re1) 12... Nc6 {[%emt 0:03:04]} 13. Kh1 {[%emt 0:05:32]} Qc8 {[%emt 0:04:16]} 14. g4 {[%emt 0:07:38]} Re8 {[%emt 0:07:19]} 15. Bd3 {[%emt 0:10:21]} Ba3 {[%emt 0:04:05]} 16. Qf3 {[%emt 0:03:29]} (16. bxa3 $17 {was forced.} Rxe3 17. Rf3) 16... Bxb2 {[%emt 0:02:14]} 17. g5 {[%emt 0:03:17]} Ne4 {[%emt 0:08:51]} ({Don't take} 17... Bxc3 18. gxf6 Rxe3 19. Qxe3 $19) 18. Bxe4 {[%emt 0:01:11]} (18. Rad1 $142) 18... dxe4 {[%emt 0:00:16]} 19. Nxe4 {[%emt 0:00:13]} (19. Qg3 $142 Bxh3 20. Nb5 Bxf1 21. Rxf1) 19... Rxe4 $2 {[%emt 0:15:59]} (19... Nxd4 20. Bxd4 Rxe4) 20. Qxe4 {[%emt 0:03:36]} Nxd4 {[%emt 0:00:29]} ({But not} 20... Bxh3 21. Nxc6 bxc6 22. Rab1) ({Much less strong is} 20... Bxc3 21. Kh2) 21. Qxd4 {[%emt 0:01:12]} Bxc3 {[%emt 0:00:40]} 22. Qc5 {[%emt 0:03:04]} Bc6+ {[%emt 0:02:59]} 23. Kh2 {[%emt 0:00:14]} Bxa1 {[%emt 0:00:26]} 24. Rxa1 {[%emt 0:00:06]} Qd7 {[%emt 0:01:52]} 25. Rc1 $2 {[%emt 0:00:38]} (25. Qd4 $17 {is a better defense.}) 25... Qe6 {[%emt 0:02:18]} 26. Rc2 $2 {[%emt 0:08:04]} (26. Qd4) 26... Re8 {[%emt 0:01:55]} 27. Bd4 {[%emt 0:01:50]} Qe4 {[%emt 0:01:31]} 28. Be5 {[%emt 0:01:22]} f6 {[%emt 0:00:40]} 29. gxf6 {[%emt 0:00:49]} gxf6 {[%emt 0:00:21]} 30. Bc7 {[%emt 0:03:59]} Qh1+ {[%emt 0:00:34]} 31. Kg3 $1 $11 {[%emt 0:00:22]} Kf7 {[%emt 0:00:13]} (31... Qf3+ $142 32. Kh4 Re3 33. Rg2+ Kf7 34. Qxe3 Qxe3) 32. Qh5+ {[%emt 0:00:37]} Kg8 $2 {[%emt 0:00:26]} ({Black should play} 32... Kg7 $19 33. Qg4+ Kh8) 33. Re2 $2 {[%emt 0:07:07] [#]} Rxe2 $2 {[%emt 0:03:21]} (33... Re7 $1 $19 {[%mdl 512]} 34. Bd6 {[#]} (34. Rxe7 $2 {loses.} Qg2+ 35. Kh4 Qf2+ 36. Kg4 Bf3+ 37. Kf5 Bxh5 $19) 34... Bf3 $1 {[%mdl 512]} 35. Qxf3 Rg7+ 36. Qg4 h5 37. Qxg7+ (37. Re8+ $2 Kh7 $19) 37... Kxg7) 34. Qxe2 {[%emt 0:00:07]} Bd7 {[%emt 0:00:02]} 35. Qg2 {[%emt 0:02:30]} Qe1+ {[%emt 0:00:13]} 36. Kh2+ {[%emt 0:00:34]} Kf7 {[%emt 0:00:19]} 37. Qxb7 {[%emt 0:01:34]} Qe6 {[%emt 0:00:05]} ({Black should try} 37... Qf2+ $15 38. Qg2 Qc5) 38. Qg2 {[%emt 0:00:28]} Bc6 {[%emt 0:00:19]} 39. Qc2 {[%emt 0:00:59]} Be4 {[%emt 0:01:04]} 40. Qb3 {[%emt 0:00:25]} Bd5 {[%emt 0:30:23]} 41. Qd3 {[%emt 0:01:43]} f5 {[%emt 0:00:00]} 42. a3 {[%emt 0:02:38]} Be4 {[%emt 0:00:00]} 43. Qe2 {[%emt 0:02:06]} 1/2-1/2

[Event "9. Korbacher Open 2017"]
[Site "Korbach"]
[Date "2017.10.20"]
[Round "2"]
[White "Achermann, Didier"]
[Black "Hagedorn, Alfons"]
[Result "0-1"]
[WhiteElo "1811"]
[BlackElo "1923"]
[Annotator "NA RC"]
[PlyCount "122"]
[EventDate "2017.??.??"]
[EventType "swiss"]
[EventCountry "GER"]
[SourceTitle "playchess.com"]
[Source "ChessBase"]
[SourceQuality "1"]
[TimeControl "40/5400+30:1800+30"]

{[%evp 8,122,21,29,61,56,58,50,63,33,34,13,81,67,54,13,33,17,31,22,94,39,6,7,-7,-76,0,-184,-189,-371,32767,32767,32767,-332,32767,32767,32767,32767,32767,-414,-451,-451,-500,-499,-382,-546,-433,-418,-262,-289,-315,-383,-378,-336,-372,-394,-441,-402,-453,-460,-333,-320,-392,-366,-419,-353,-422,-389,-458,-388,-403,-446,-435,-493,-604,-551,-238,-473,-297,-303,-297,-299,-303,-303,-299,-303,-295,-295,-303,-304,-303,-955,-782,-5306,-685,-721,-815,-1658,-1811,-12837,-312,-1070,-1420,-12842,-809,-1336,0,-29963,-29984,-2317,-625,-1389,-12838,-12841,-29981,-29990,-888]} 1. e4 {[%emt 0:00:00]} c5 {[%emt 0:00:06]} 2. Nf3 {[%emt 0:00:00]} d6 {[%emt 0:00:07]} 3. d4 {[%emt 0:00:00]} cxd4 {[%emt 0:00:20]} 4. Nxd4 {[%emt 0:00:03]} Nf6 {[%emt 0:00:07]} 5. Nc3 {[%emt 0:00:07]} g6 {[%emt 0:00:07]} 6. f3 {[%emt 0:07:42]} Bg7 {[%emt 0:00:09]} 7. Be3 {[%emt 0:00:07]} O-O {[%emt 0:00:11]} 8. Qd2 {[%emt 0:00:04]} Nc6 {[%emt 0:00:10]} 9. O-O-O {[%emt 0:00:35]} Nxd4 {[%emt 0:00:41]} (9... d5 $11) 10. Bxd4 {[%emt 0:00:12]} Be6 {[%emt 0:00:07]} 11. g4 {[%emt 0:12:47]} Qa5 {[%emt 0:01:47]} 12. Kb1 {[%emt 0:00:59]} Rfc8 {[%emt 0:00:07]} 13. a3 {[%emt 0:08:13] LiveBook: 48 Games} Bc4 {[%emt 0:07:26] B76: Sicilian Dragon: Yugoslav Attack, 9 g4 and 9 0-0-0} (13... Rab8 $11 14. h4 b5 15. Nd5 Qxd2 16. Rxd2 Bxd5 17. exd5 a5 18. h5 Nd7 19. g5 Ne5 20. Be2 Nc4 21. Rdd1 b4 22. a4 {½-½ (30) Karjakin,S (2753)-Nakamura,H (2799) Khanty-Mansiysk 2015}) 14. Bxc4 {[%emt 0:03:13]} Rxc4 {[%emt 0:00:13]} 15. Qf2 $146 {[%emt 0:07:00]} ({Predecessor:} 15. Bxf6 Bxf6 16. Nd5 Qxd2 17. Nxf6+ Kg7 18. Nh5+ gxh5 19. Rxd2 hxg4 20. Rg1 h5 21. h3 {0-1 (51) Zill,C (2154)-Schmidt,W (2301) Bayern 2003}) 15... Rac8 {[%emt 0:01:54]} (15... e5 $5 16. Be3 $8 Rxc3 17. bxc3 Qxa3 $14) 16. Rd3 {[%emt 0:08:02]} (16. Qe1 $11 {remains equal.}) 16... b5 {[%emt 0:06:19]} ({Better is} 16... Nd7 $15 17. Bxg7 Kxg7) 17. Nd5 $2 {[%emt 0:10:42]} (17. Bxf6 $11 Bxf6 18. Nd5) 17... Nxd5 {[%emt 0:03:27]} 18. Bxg7 $2 {[%emt 0:00:20]} (18. exd5 Rxc2 19. Qe3) 18... Nf4 {[%emt 0:08:04]} 19. Bh6 {[%emt 0:07:44]} Rxc2 {[%emt 0:01:33]} 20. Qd4 {[%emt 0:09:34]} e5 {[%emt 0:02:29]} 21. Qxd6 {[%emt 0:00:29]} Nxd3 {[%emt 0:00:28]} 22. Qxd3 {[%emt 0:00:12]} b4 {[%emt 0:06:08]} 23. axb4 {[%emt 0:02:15]} Qxb4 {[%emt 0:03:06]} 24. Qxc2 {[%emt 0:00:23]} Rxc2 {[%emt 0:00:15]} 25. Kxc2 {[%emt 0:00:05]} Qc4+ {[%emt 0:00:34]} 26. Kb1 {[%emt 0:02:51]} f6 {[%emt 0:04:08]} 27. Rd1 {[%emt 0:00:50]} Qc7 {[%emt 0:00:35]} 28. Be3 {[%emt 0:05:31]} Kf7 {[%emt 0:01:36]} 29. h4 {[%emt 0:00:58]} Ke6 {[%emt 0:01:57]} 30. Rc1 {[%emt 0:03:06]} Qd7 {[%emt 0:02:26]} 31. Kc2 {[%emt 0:00:30]} Qa4+ {[%emt 0:00:39]} 32. Kd2 {[%emt 0:00:55]} Qb4+ {[%emt 0:01:21]} 33. Kc2 {[%emt 0:00:20]} f5 {[%emt 0:01:03]} 34. gxf5+ {[%emt 0:01:34]} gxf5 {[%emt 0:00:06]} 35. exf5+ {[%emt 0:00:05]} Kxf5 {[%emt 0:00:13]} 36. Bg5 {[%emt 0:03:43]} Qc4+ {[%emt 0:05:50]} 37. Kd2 {[%emt 0:00:13]} Qd4+ {[%emt 0:00:13]} 38. Kc2 {[%emt 0:00:39]} Qf2+ {[%emt 0:00:30]} 39. Kb1 {[%emt 0:01:01]} Qxf3 {[%emt 0:00:23]} 40. Rc7 {[%emt 0:00:41]} Qd1+ {[%emt 0:33:14]} 41. Ka2 {[%emt 0:30:56]} Qa4+ {[%emt 0:00:20]} (41... Qd5+ $142 42. Kb1 e4) 42. Kb1 {[%emt 0:00:13]} h5 {[%emt 0:03:30]} 43. Rc3 {[%emt 0:04:13]} Qg4 {[%emt 0:06:55]} 44. Kc1 {[%emt 0:01:36]} Qg1+ {[%emt 0:00:34]} 45. Kc2 {[%emt 0:00:44]} Qf2+ {[%emt 0:00:53]} 46. Kb3 {[%emt 0:00:19]} e4 {[%emt 0:00:44]} 47. Re3 {[%emt 0:00:00]} Ke5 {[%emt 0:00:00]} 48. Kc3 {[%emt 0:00:00]} Qg1 {[%emt 0:00:00]} 49. b3 $2 {[%emt 0:00:00]} (49. Kb3) 49... Kd5 {[%emt 0:00:00]} 50. Kb4 {[%emt 0:00:00]} (50. b4 $142) 50... Kd4 {[%emt 0:00:00]} 51. Re2 {[%emt 0:00:00]} Ke5 {[%emt 0:00:00]} 52. Re3 {[%emt 0:00:00]} Qd1 {[%emt 0:00:00]} 53. Kc4 {[%emt 0:00:00]} Qd4+ {[%emt 0:00:00]} 54. Kb5 {[%emt 0:00:00]} Kd5 {[%emt 0:00:00]} 55. Re1 {[%emt 0:00:00]} Qd3+ {[%emt 0:00:00]} 56. Kb4 {[%emt 0:00:00]} Qd4+ $2 {[%emt 0:00:00]} (56... a5+ $19 57. Ka3 Qd4) 57. Kb5 {[%emt 0:00:00]} Qc5+ {[%emt 0:00:00]} 58. Ka4 {[%emt 0:00:00]} Qc3 {[%emt 0:01:10]} (58... a5 $142 59. Rd1+ Ke5 60. Bd2 Qc2 61. Be1 Qxd1 62. Bxa5 e3 63. Bc3+ {[#]} Qd4+ $1 {[%mdl 512]} 64. Bb4 Qxh4 65. Ka3 Qxb4+ $1 {[%mdl 512]} 66. Kxb4 e2 67. Ka3 h4 68. Ka4 e1=Q 69. Kb5 h3 70. Kc6 h2 71. Kd7 h1=Q 72. Ke7 Qb4+ 73. Ke8 Qb8+ 74. Kf7 Qh7#) 59. Re3 {[%emt 0:00:00]} Qa1+ {[%emt 0:01:17]} 60. Kb5 {[%emt 0:00:00]} Qa3 {[%emt 0:02:46]} 61. Re1 {[%emt 0:00:00]} a6+ $19 {[%emt 0:00:43]} (61... Qxb3+ $142 62. Ka5 Qc3+ 63. Ka4 Qxe1 64. Kb3 e3 65. Bh6 e2 66. Kc2 Qd1+ 67. Kb2 e1=Q 68. Bc1 Qxc1+ 69. Ka2 Qxh4 70. Kb3 Qhc4#) 0-1

[Event "9. Korbacher Open 2017"]
[Site "Korbach"]
[Date "2017.10.20"]
[Round "2"]
[White "Hild, Sebastian"]
[Black "Braun, Ingram"]
[Result "1-0"]
[WhiteElo "1786"]
[BlackElo "2042"]
[Annotator "NA RC"]
[PlyCount "47"]
[EventDate "2017.??.??"]
[EventType "swiss"]
[EventCountry "GER"]
[SourceTitle "playchess.com"]
[Source "ChessBase"]
[SourceQuality "1"]
[TimeControl "40/5400+30:1800+30"]

{[%evp 8,47,43,26,19,32767,22,-5,0,-17,-25,-25,4,-40,-13,-16,25,-25,12,-50,-41,-89,-84,32767,32767,32767,32767,-95,-96,32767,32767,32767,-81,-104,-84,-79,-113,-133,-122,-146,-145,-138]} 1. e4 {[%emt 0:00:00]} c5 {[%emt 0:00:30]} 2. Nf3 {[%emt 0:00:30]} e6 {[%emt 0:00:30]} 3. d4 {[%emt 0:00:00]} cxd4 {[%emt 0:00:00]} 4. Nxd4 {[%emt 0:00:00]} a6 {[%emt 0:00:00]} 5. Be3 {[%emt 0:01:21]} Nf6 {[%emt 0:00:00]} 6. Bd3 {[%emt 0:02:44]} Qc7 {[%emt 0:05:08]} 7. Nd2 {[%emt 0:03:12]} d5 {[%emt 0:02:52] LiveBook: 4 Games B41: Sicilian: Kan Variation: 5 c4} (7... d6 8. c4 Be7 9. O-O O-O 10. Rc1 Nbd7 11. b4 b6 12. f4 g6 13. h3 Bb7 14. Bb1 Rac8 15. f5 exf5 16. exf5 {½-½ (32) Plat,V (2472)-Abdumalik,Z (2311) Brno 2013}) 8. Rc1 {[%emt 0:04:58]} Be7 {[%emt 0:04:15]} 9. O-O $146 {[%emt 0:07:48]} ({Predecessor:} 9. c4 dxe4 10. Nxe4 Nbd7 11. O-O O-O 12. a3 b6 13. h3 Bb7 14. Qc2 Rfd8 15. Rfd1 {½-½ (31) Tran,M (1819)-Nguyen,H (1831) Ho Chi Minh City 2014}) 9... O-O {[%emt 0:01:03]} 10. f4 {[%emt 0:01:15]} dxe4 {[%emt 0:02:21]} 11. Nxe4 {[%emt 0:02:51]} Bd7 {[%emt 0:04:04]} ({Black should try} 11... Nd5 $15 12. Qf3 Nxe3 13. Qxe3 Qb6) 12. c3 {[%emt 0:02:22]} Nc6 {[%emt 0:04:18]} (12... Nd5 $5 {[%cal Rd5e3]} 13. Qf3 Nxe3 14. Qxe3 Nc6 $11) 13. Ng5 {[%emt 0:14:50]} h6 {[%emt 0:11:25]} 14. Ne4 {[%emt 0:02:11]} Nd5 {[%emt 0:03:53]} 15. Qf3 {[%emt 0:08:03]} Nxe3 {[%emt 0:05:10]} 16. Qxe3 {[%emt 0:00:02]} Qb6 {[%emt 0:01:17]} 17. Qf2 {[%emt 0:10:32] [#]} Nxd4 $1 {[%emt 0:01:46]} 18. cxd4 {[%emt 0:01:49]} Rac8 {[%emt 0:01:14]} 19. Rc3 {[%emt 0:01:45]} Rxc3 {[%emt 0:11:14]} 20. bxc3 {[%emt 0:00:54]} Qc7 {[%emt 0:05:28]} 21. Qd2 {[%emt 0:06:44]} Rc8 {[%emt 0:05:06]} 22. c4 {[%emt 0:06:32]} Rd8 {[%emt 0:13:52]} 23. Kh1 {[%emt 0:07:55]} Bc6 {[%emt 0:04:06]} 24. Ng3 $17 {[%emt 0:02:46]} 1-0

[Event "9. Korbacher Open 2017"]
[Site "Korbach"]
[Date "2017.10.20"]
[Round "2"]
[White "Aardenburg, Piet"]
[Black "Thomas, Ingo"]
[Result "1/2-1/2"]
[WhiteElo "1782"]
[BlackElo "2129"]
[Annotator "TA"]
[PlyCount "132"]
[EventDate "2017.??.??"]
[EventType "swiss"]
[EventCountry "GER"]
[SourceTitle "playchess.com"]
[Source "ChessBase"]
[SourceQuality "1"]

{[%evp 9,132,22,17,-22,-37,-37,-41,-46,-27,-27,-27,-28,-27,-51,-37,-57,42,35,22,-3,29,15,35,0,25,16,15,25,27,8,16,0,18,10,30,23,43,42,54,39,112,41,34,35,68,0,93,93,106,0,0,0,28,0,0,0,27,0,22,7,48,5,21,0,18,-19,30,-24,-24,-26,-20,-22,-21,-27,-27,-39,-46,-46,-19,-30,-40,-20,0,-29,-29,-30,-30,-29,-36,-40,0,-79,-83,-76,-54,-71,-60,-54,0,-39,0,-95,-36,-69,-8,-102,-102,-102,-102,-102,-103,-200,-189,-162,-31,-47,0,0,0,0,0,0,0,0,14]} 1. e4 Nc6 2. d4 d5 3. e5 Bf5 4. Bb5 e6 5. c3 (5. Ne2 a6 6. Ba4 b5 7. Bb3 Na5 8. O-O c5 9. c3 Ne7 10. Bc2 Bxc2 11. Qxc2 cxd4 12. Nxd4 Nac6 {0-1 (61) Natacheev,P (2144)-Pogorelskikh,S (2283) Samara 2007}) 5... Qd7 6. Qa4 {B00: Queen's Fianchetto Defence, Nimzowitsch Defence} Nge7 7. Nf3 a6 8. O-O $146 {Black is slightly better.} ({Predecessor:} 8. Nbd2 Rb8 9. Be2 Nxe5 10. Qb3 Nxf3+ 11. Nxf3 Nc6 12. Bf4 Bd6 13. Bxd6 Qxd6 {0-1 (45) Kuchyna,S (1871)-Sookruus,H (2055) Ruzomberok 2017}) 8... Rb8 9. Bxc6 $1 Nxc6 10. Qd1 Be7 11. Bf4 O-O 12. Nbd2 f6 (12... h6 $15) 13. Re1 $14 Bg4 14. Qc1 Rbe8 15. h3 Bh5 16. Bg3 fxe5 17. Nxe5 Nxe5 18. Rxe5 Bg6 19. Nf3 Be4 20. Nd2 Bf5 21. Qe1 Bd6 22. Re3 Rf6 23. Qe2 h6 24. Re1 b5 ({Black should play} 24... Qa4 $14) 25. Qh5 (25. Be5 $16) 25... Bg6 26. Qg4 Bf5 27. Qh5 (27. Qe2 $14) 27... Qf7 (27... Bg6 $11 {remains equal.} 28. Qe2 c5) 28. Qxf7+ $16 Kxf7 29. Bxd6 (29. Be5 $16) 29... cxd6 $11 30. Nf3 Be4 31. Nd2 Bh7 32. f3 h5 33. Nf1 Kg6 34. Kf2 Bg8 35. Nd2 Rff8 36. Nb3 Kf6 37. Na5 Ke7 38. Nc6+ (38. h4 $142) 38... Kd7 39. Na5 g5 40. Kg3 Bh7 41. Nb3 Bf5 42. Nd2 a5 {[%cal Ba6a5,Ba5b4,Bb4b3][%mdl 32]} 43. a3 Ra8 44. Nf1 h4+ 45. Kh2 Rfb8 46. R3e2 (46. g4 $5 {[%cal Rg4f5]} hxg3+ 47. Nxg3 $14) 46... b4 47. axb4 axb4 48. Ne3 Bd3 49. Rd2 Bg6 50. c4 {[#]} (50. Ng4 $11) 50... dxc4 $1 $17 51. Nxc4 Ra6 52. Re3 b3 {Threatens to win with ...Rb4.} 53. Rc3 Ke7 (53... Rb5 $15) 54. Re2 Kf6 55. Ree3 {[#]} (55. Ne3 $11) 55... Bc2 (55... Rb4 $1 $17) 56. Nd2 Ra2 (56... Rb4 $15) 57. Nxb3 (57. d5 $1 $11) 57... Bxb3 58. Rxb3 Rxb2 59. Rxb8 Rxb8 $11 {[%mdl 4096] Endgame KR-KR} 60. Kg1 (60. Re2 $17) 60... Rb2 61. Re4 Rb5 (61... Kf5 $19 62. Kf1 Rd2) 62. Kf2 e5 63. dxe5+ {The position is equal.} Rxe5 64. Rd4 Ke6 65. g3 hxg3+ 66. Kxg3 Kf6 {Precision: White = 36%, Black = 27%.} 1/2-1/2